000 00536nam a2200169Ia 4500
005 20241223110930.0
008 231217s9999 xx 000 0 und d
020 _a9780070228399
082 _a001.64404 LEO;96
100 _aLeon-Garcia, Alberto. Widjaja, Indra.
245 0 _aCommunication networks : fundamental concepts and key architectures
260 _c2000
_bTMH
_aNew Delhi
300 _axxiii+867
400 _aMcGrawHill series in computer science
650 _aCommunication,networks,:,key,architectures
942 _cAA
999 _c178061
_d178061